000 01182nam a22003137a 4500
001 1211975
003 OSt
005 20210426122052.0
008 990107r19991970nyu 000 1 eng
010 _a 99010245
020 _a0802136346
020 _a9780802136343
040 _aDLC
_cDLC
_dDLC
_beng
041 _aeng
050 0 0 _aPS3561.O8
_bB45 1999
080 _a821.111
_bK-76
082 0 0 _a813/.54
_221
100 1 _aKosinski, Jerzy,
_d1933-1991.
245 1 0 _aBeing there /
_cJerzy Kosinski.
_b/ by: Grove Press
250 _a1st Grove Press edition
260 _aNew York
_bGrove Press
_a[Berkeley, Calif.] :
_bDistributed by Publishers Group West,
_c[1999]
300 _a142 p.
_c21 cm.
650 0 _9247
_aEnglish literature
653 _aინგლისური ლიტერატურა
856 4 2 _3Publisher description
_uhttp://www.loc.gov/catdir/enhancements/fy1318/99010245-d.html
906 _a7
_bcbc
_corignew
_d1
_eocip
_f19
_gy-gencatlg
942 _2udc
_cBK
_e1
999 _c1141
_d1141